000 00732nam a2200205 i 4500
001 109229
003 ES-MaACL
005 20230906184813.0
007 t|
008 061121s1946 sp r ||||1| spa d
100 1 _aMüller, Johannes Marino.
_9165921
245 1 0 _aManual del marino /
_cJohann Mueller, J. Krauss, M. Berger; versión de la 3ª edición original por Santiago Hernández Izal ; prólogo de Francisco Serra Serra.
260 _aBarcelona :
_bGustavo Gili,
_c1946.
300 _aXXXI, 876 p. :
_bil. ;
_c22 cm.
700 1 _aKrauss, J.
_968772
700 1 _aBerger, M.
_927961
700 1 _aHernández Izal, Santiago.
_962971
700 1 _aSerra Serra, Francisco.
_9105659
852 _aES-MaACL
_jC-3924
_bR.23630
999 _c109229
_d109229